Normal view
MARC view
Entry Personal Name
001 - CONTROL NUMBER
- control field: 624215
003 - CONTROL NUMBER IDENTIFIER
- control field: OSt
005 - DATE AND TIME OF LATEST TRANSACTION
- control field: 20221005111618.0
008 - FIXED-LENGTH DATA ELEMENTS
- fixed length control field: 221005|| aca||aabn | a|a d
040 ## - CATALOGING SOURCE
- Original cataloging agency: OSt
- Transcribing agency: OSt
100 ## - HEADING--PERSONAL NAME
- Personal name: शर्मा, विद्यानन्द प्रसाद, ले
670 ## - SOURCE DATA FOUND
- Source citation: Work cat.: (OSt)1022353: शर्मा, विद्यानन्द प्रसाद, ले., श्रीमद्भागवत में रासपंचाध्यायीः चतुःश्लोकी भागवत एवं पद्यात्मक अनुक्रमिका सहित, 2016
